Statistics for Lana Del Rey - Love song Lyrics

Click here to take the quiz!

General Stats

  • This quiz has been taken 34 times
  • The average score is 276 of 288

Answer Stats

Answer% Correct
a
100%
and
100%
Baby
100%
baby
100%
be
100%
car
100%
chest
100%
I
100%
I’m
100%
I'm
100%
In
100%
in
100%
life
100%
lifetime
100%
Lyin'
100%
make
100%
Make
100%
me
100%
my
100%
of
100%
Oh
100%
on
100%
once
100%
proud
100%
real
100%
so
100%
So
100%
The
100%
the
100%
We
100%
we
100%
you
100%
You
100%
your
100%
all
96%
around
96%
backseat
96%
believe
96%
best
96%
but
96%
don’t
96%
don't
96%
dress
96%
fast
96%
for
96%
fuckin'
96%
go
96%
high
96%
it
96%
It
96%
it's
96%
just
96%
know
96%
like
96%
love
96%
mess
96%
our
96%
part
96%
place
96%
song
96%
stick
96%
take
96%
thanks
96%
that
96%
think
96%
to
96%
Touch
96%
touch
96%
way
96%
who
96%
Would
96%
would
96%
am
91%
are?
91%
burnin'
91%
burnin’
91%
’cause
91%
comes
91%
here
91%
I’d
91%
is
91%
Is
91%
Now
91%
party
91%
sound
91%
star
91%
taste
91%
with
91%
yes
91%
any
87%
anywhere
87%
die
87%
down
87%
safe
87%
through
87%
move
83%
new
83%
see
83%
test
83%
waste
83%
spill
78%
waist
78%
Dream
74%
dream
74%
clothes
70%
floor
70%
Grab
70%
here's
70%
passed
70%
scene
65%

Score Distribution

Percentile by Number Answered

Percent of People with Each Score

Your Score History

You have not taken this quiz